| 000 | 01682nam a2200433Ia 4500 | ||
|---|---|---|---|
| 001 | 48237867 | ||
| 003 | PE-LiUPU | ||
| 005 | 20250731173602.0 | ||
| 008 | 250304b |||||||| |||| 00| 0 spa d | ||
| 020 | _a9781841272160 | ||
| 040 |
_aTWU _cPE-LiUPU _dPE-LiUPU _bspa _erda |
||
| 049 | _aEXNs | ||
| 082 | 0 | 4 |
_a200.9015 _bR382 _223 |
| 090 |
_aBL96 _b.R45 2001 |
||
| 245 | 0 | 0 |
_aReligious diversity in the Graeco-Roman world : _ba survey of recent scholarship / _ceditado por Dan Cohn-Sherbok y John M. Court. |
| 264 |
_aSheffield, England : _bSheffield Academic Press, _cc2001. |
||
| 300 |
_a237 páginas ; _c24 cm. |
||
| 440 | 4 |
_aThe biblical seminar ; _v79. |
|
| 504 | _aIncluye referencias bibliográficas | ||
| 505 | 0 | _aIntroduction -- Palestinian Judaism in the first century -- Diaspora Judaism -- The Essenes -- An analysis of recent 'Historical Jesus' studies -- Diversity in Paul -- The early church -- Greek religion in the Roman empire : diversities, convergences, uncertainties -- Gnosticism -- Mithraism among the mysteries. | |
| 526 | _aSEG42 | ||
| 526 | _aSEG41 | ||
| 526 | _aSEG40 | ||
| 526 | _aSEG39 | ||
| 526 | _aP94 | ||
| 526 | _aP87 | ||
| 526 | _aP86 | ||
| 526 | _aP85 | ||
| 526 | _aP77 | ||
| 526 | _aP76 | ||
| 526 | _aP35 | ||
| 650 | 1 | 4 |
_aGnosticismo. _95043 |
| 650 | 2 | 4 |
_aHistoria de la iglesia _xIglesia primitiva, ca. 30-600 _9470 |
| 650 | 2 | 4 |
_aJudaísmo _xHistoria _yPeríodo post-exílico, 586 a.C.-210 d.C. _94000 |
| 700 | 1 |
_aCohn-Sherbok, Dan. _eeditor. |
|
| 700 | 1 |
_aCourt, John M. _eeditor. |
|
| 942 |
_2ddc _cBK _n0 |
||
| 999 |
_c62855 _d62854 |
||
| 980 |
_618226 _aJaime Vilcazán Jefe de Análisis Documental _81 _gALBERTO SANCHEZ Responsable de Automatización |
||